000 00529nam a2200181Ia 4500
005 20230316150643.0
008 131103s9999 xx 000 0 und d
040 _aLoreto College
041 _aEnglish
082 _a822.33
_bSHA-WIL
245 _aLife in Shakespeare' s England
_b a book of elizabethan prose
_cComplied by John Dover Wilson
260 _au. S A.
_bPenguin Books
_c1954
300 _a367p.
650 _ashakespeare, Willia - Biography
700 _aWilson, John Dover ed.
850 _aLCLIB
942 _cBK
999 _c21657
_d72136